书目信息 |
| 题名: |
商业银行业务与经营
|
|
| 作者: | 庄毓敏 主编 | |
| 分册: | ||
| 出版信息: | 北京 中国人民大学出版社 2014 |
|
| 页数: | 349页 | |
| 开本: | 26cm | |
| 丛书名: | ||
| 单 册: | ||
| 中图分类: | F830.4 | |
| 科图分类: | ||
| 主题词: | 商业银行--教材--高等教育--银行业务 , 商业银行--教材--高等教育--资本经营 | |
| 电子资源: | ||
| ISBN: | 978-7-300-19723-4 | |
| 000 | 00937nam0 2200253 450 | |
| 001 | 654 | |
| 005 | 20160908095232.51 | |
| 010 | @a978-7-300-19723-4@dCNY39.00 | |
| 100 | @a20141226d2014 em y0chiy50 ea | |
| 101 | 0 | @achi |
| 102 | @aCN@b110000 | |
| 105 | @ay z 000yy | |
| 200 | 1 | @a商业银行业务与经营@9shang ye yin hang ye wu yu jing ying@f庄毓敏主编 |
| 205 | @a4版 | |
| 210 | @a北京@c中国人民大学出版社@d2014 | |
| 215 | @a349页@d26cm | |
| 300 | @a“十二五”普通高等教育本科国家级规划教材 经济管理类课程教材·金融系列 | |
| 330 | @a本书共分16章,包括商业银行导论、商业银行的资本管理、商业银行的负债管理、商业银行现金资产管理、贷款政策与管理、企业贷款、个人贷款等内容。 | |
| 606 | 0 | @a商业银行@j教材@x高等教育@x银行业务 |
| 606 | 0 | @a商业银行@j教材@x高等教育@x资本经营 |
| 690 | @aF830.4@v5 | |
| 701 | 0 | @a庄毓敏@9zhuang yu min@c(女,@f1962~)@4主编 |
| 801 | 0 | @aCN@b唐山师范学院图书馆@c20160723 |
| 905 | @aZUCC@dF830.4@e316=4 | |
| 商业银行业务与经营/庄毓敏主编.-4版.-北京:中国人民大学出版社,2014 |
| 349页;26cm |
| “十二五”普通高等教育本科国家级规划教材 经济管理类课程教材·金融系列 |
| ISBN 978-7-300-19723-4:CNY39.00 |
| 本书共分16章,包括商业银行导论、商业银行的资本管理、商业银行的负债管理、商业银行现金资产管理、贷款政策与管理、企业贷款、个人贷款等内容。 |
| ● |
| 相关链接 |
|
|
|
|
正题名:商业银行业务与经营
索取号:F830.4/316=4
 
预约/预借
| 序号 | 登录号 | 条形码 | 馆藏地/架位号 | 状态 | 备注 |
| 1 | 902848 | 209028489 | 第一样本阅览室/ [索取号:F830.4/316=4] | 在馆 | |
| 2 | 902849 | 209028498 | 第一借阅区/ [索取号:F830.4/316=4] | 在馆 | |
| 3 | 902850 | 209028504 | 第一借阅区/ [索取号:F830.4/316=4] | 在馆 | |
| 4 | 902851 | 209028513 | 第一借阅区/ [索取号:F830.4/316=4] | 在馆 | |
| 5 | 902852 | 209028522 | 第一借阅区/ [索取号:F830.4/316=4] | 在馆 |